| 000 | 01066 a2200241 4500 | ||
|---|---|---|---|
| 005 | 20260317110822.0 | ||
| 008 | 260317b |||||||| |||| 00| 0 eng d | ||
| 020 | _a9789360868338 (hbk) | ||
| 037 | _cTB | ||
| 040 |
_aAL _cAL |
||
| 041 |
_2hin _ahin _hrom |
||
| 084 |
_aO5921,3M80x 152K6;R4 _qAL |
||
| 100 |
_aसदौवेन्यु, मिहाइल _9860902 |
||
| 245 | _aझोंपड़ी वाले और अन्य कहानियाँ | ||
| 260 |
_aनई दिल्ली, भारत: _bराजकमल प्रकाशन, _c2024. |
||
| 300 | _a142पृ. | ||
| 546 | _aTranslated from Roman to Hindi | ||
| 650 |
_aरोमन साहित्य _91132257 |
||
| 650 |
_aरोमन कहानी _91132258 |
||
| 700 |
_aवर्मा, निर्मल _eअनुवादक _9860608 |
||
| 942 |
_cTB _2CC _hO5921,3M80x 152K6;R4 |
||
| 999 |
_c1466753 _d1466753 |
||